Groepen dingen - wetenschap - Statistieken

Algemene statistieken
  • Deze quiz is 36 keer genomen
  • De gemiddelde score is 30 van 51
Antwoordstatistieken
Groep Antwoord % Correct
Planeten van het zonnestelsel Aarde
95%
Planeten van het zonnestelsel Jupiter
95%
Planeten van het zonnestelsel Mars
95%
Planeten van het zonnestelsel Venus
95%
Atoomdeeltjes Neutron
89%
Atoomdeeltjes Proton
89%
Planeten van het zonnestelsel Uranus
89%
Atoomdeeltjes Elektron
84%
Planeten van het zonnestelsel Mercurius
84%
Planeten van het zonnestelsel Neptunus
84%
Planeten van het zonnestelsel Saturnus
84%
5 aggregatietoestanden Gas
79%
SI-basiseenheden Kilogram
79%
SI-basiseenheden Meter
79%
Edelgassen Neon
79%
Magnetische polen Noord
79%
Magnetische polen Zuid
79%
Edelgassen Helium
74%
5 aggregatietoestanden Vast
74%
5 aggregatietoestanden Vloeibaar
74%
Branddriehoek Zuurstof
74%
Klassen van het elektromagnetisch spectrum Radio
68%
Klassen van het elektromagnetisch spectrum Ultraviolet
68%
Edelgassen Xenon
68%
Edelgassen Argon
63%
Taxonomische rijken Dieren
63%
Taxonomische rijken Planten
63%
Soorten hersenstof Grijze stof
58%
Klassen van het elektromagnetisch spectrum Infrarood
58%
SI-basiseenheden Seconde
58%
Soorten hersenstof Witte stof
58%
Branddriehoek Brandstof
53%
Edelgassen Krypton
53%
5 aggregatietoestanden Plasma
53%
Klassen van het elektromagnetisch spectrum Zichtbaar licht
53%
Klassen van het elektromagnetisch spectrum Gamma
47%
Taxonomische rijken Bacteriën
42%
Nucleobasen DNA Guanine
37%
SI-basiseenheden Ampere
32%
SI-basiseenheden Mol
32%
Taxonomische rijken Schimmels
32%
Nucleobasen DNA Adenine
26%
SI-basiseenheden Candela
26%
Nucleobasen DNA Cytosine
26%
Branddriehoek Hitte
26%
5 aggregatietoestanden Bose-einsteincindensaat
21%
SI-basiseenheden Kelvin
21%
Klassen van het elektromagnetisch spectrum Microgolf
21%
Klassen van het elektromagnetisch spectrum Röntgen
21%
Nucleobasen DNA Thymine
21%
Edelgassen Radion
16%
Geen overeenkomende quizzen gevonden
Scoreverdeling
Procent van Mensen met Elke Score
Percentiel versus Aantal Correcte Antwoorden
Uw Scoregeschiedenis
U heeft deze quiz nog niet genomen